Complete wireless design (0 07 137016 1)

Guardat en:
Dades bibliogràfiques
Autor principal: COTTER W SAYRE
Format: Llibre
Idioma:Undetermined
Publicat: McGraw-Hill 2001
Etiquetes: Afegir etiqueta
Sense etiquetes, Sigues el primer a etiquetar aquest registre!
Thư viện lưu trữ: Trung tâm Học liệu Trường Đại học Cần Thơ
LEADER 00397nam a2200145Ia 4500
001 CTU_49643
008 210402s9999 xx 000 0 und d
082 |a 621.384 
082 |b S274 
100 |a COTTER W SAYRE 
245 0 |a Complete wireless design (0 07 137016 1) 
245 0 |c COTTER W SAYRE 
260 |b McGraw-Hill 
260 |c 2001 
980 |a Trung tâm Học liệu Trường Đại học Cần Thơ